000 00685nam a2200181Ia 4500
008 090124s9999 xx 000 0 und d
082 _b25283
_a586
100 _aशिरकांडे रा. पि. / वराडे सु. भि.
245 _a कॅन्सर पासून बचाव
250 _a1
260 _c1987
300 _a107
600 _aशिरकांडे रा. पि. / वराडे सु. भि.
630 _a कॅन्सर पासून बचाव
700 _aशिरकांडे रा. पि. / वराडे सु. भि.
730 _a कॅन्सर पासून बचाव
942 _cBOOK
999 _c138805
_d138805